| 000 | 01163nam0a2200301 4500 | ||
|---|---|---|---|
| 001 | RU\NLR\bibl\918654 | ||
| 005 | 20260406132505.0 | ||
| 010 |
_a5-699-13967-2 _95000 |
||
| 021 |
_aRU _b2006-6106 _9291 |
||
| 035 | _a(NLR Aleph) 000906944 | ||
| 090 |
_a21728 _c21728 |
||
| 100 | _a20060320d2005 |||y0rusy50 ca | ||
| 101 | 0 | _arus | |
| 102 | _aRU | ||
| 105 | _ay ||||||||| | ||
| 200 | 1 |
_aБратва: век свободы не видать _e[повести] _fЕвгений Монах |
|
| 210 |
_aМосква _cЭКСМО _d2005 |
||
| 215 |
_a315, [2] с. _d17 |
||
| 225 | 1 | _aЯ - вор в законе | |
| 327 | 1 | _aСодерж.: Свидетель преступного мира; Что естественно - то не безобразно; Медвежья услуга; Стрельба рикошетом; В Одессе море холодное | |
| 686 | _aШ6(2=Р)75-446 | ||
| 700 | 1 |
_4070 _8rus _7ca _aМонах _bЕ. М. _gЕвгений Михайлович _3RU\NLR\auth\771902 _9111919 |
|
| 801 | 0 |
_aRU _bNLR _c20060320 _grcr |
|
| 801 | 1 |
_aRU _bNLR _c20060320 |
|
| 942 | _cBOOK | ||
| 980 | _aNB | ||